| 000 | 00676nam a2200205Ia 4500 | ||
|---|---|---|---|
| 008 | 131103s9999 xx 000 0 und d | ||
| 040 | _aLoreto College | ||
| 041 | _aEnglish | ||
| 082 |
_a891.86/KAF _b#NAME? |
||
| 245 |
_aTwentieth century interpretations of The Castle _b a collection of critical essays _cedited by Peter F.Neumeya |
||
| 260 |
_aN.J. _bPrentice - Hall _c1969 |
||
| 300 |
_a122 p. _c 20 cm. |
||
| 440 | _aTwentieth Century Interpretations | ||
| 630 | _aRussian Literature - History and Criticism | ||
| 650 | _aKafka,Franz - 1883 - 1924 | ||
| 651 | _ainterpretation and Criticism | ||
| 700 | _aNeumeyer,Peter F.,ed. | ||
| 850 | _aLCLIB | ||
| 942 | _cBK | ||
| 999 |
_c13666 _d64145 |
||